L'omosessualità nella Grecia antica
Uloženo v:
| Hlavní autor: | |
|---|---|
| Médium: | Kniha |
| Jazyk: | neznámý jazyk |
| Vydáno: |
Torino
Einaudi
1985
|
| Tagy: |
Žádné tagy, Buďte první, kdo vytvoří štítek k tomuto záznamu!
|
MARC
| LEADER | 00000nam a2200000Ia 4500 | ||
|---|---|---|---|
| 001 | 31 | ||
| 003 | NUMERAZIONE-ORIGINALE-BRESCIA | ||
| 005 | 20260316165831.0 | ||
| 008 | 260206s9999 xx 000 0 und d | ||
| 040 | |c arcigay brescia | ||
| 100 | |a Dover Kenneth J. | ||
| 245 | 0 | |a L'omosessualità nella Grecia antica | |
| 260 | |a Torino |b Einaudi |c 1985 | ||
| 942 | |2 ddc |c BK |n 0 | ||
| 952 | |0 0 |1 0 |2 ddc |4 0 |6 31 |7 0 |9 28209 |a BS |b BS |d 2026-02-06 |i 31 |l 0 |o 3-1-* |r 2026-02-06 22:40:30 |w 2026-02-06 |x [REVISIONARE] |y BK | ||
| 999 | |c 23913 |d 23913 | ||